Roger Bastide y los límites de la antropología aplicada tradicional

El propósito de la siguiente reflexión es ilustrar sobre algunos aspectos claves de la antropología aplicada, aprovechando para ello una obra clásica sobre el tema escrita por Roger Bastide hace ya varias décadas, e indicar los posibles aportes de una mirada reciente que se ha dado en llamar “Antrop...

Descripción completa

Detalles Bibliográficos
Autor principal: Pereira, Lewis
Formato: Analitica de revista
Lenguaje:español
Publicado: Mérida, Venezuela: Universidad de los Andes, 2007.
Materias:
Acceso en línea:Sólo disponible en línea.

MARC

LEADER 00000nab a2200000 a 4500
001 034111
003 UAHC_CL
005 20180823125257.0
008 031122s2007 ve f 000 spa
952 |0 0  |1 0  |2 ddc  |4 0  |6 RECURSO_ELECTRONICO  |7 0  |8 BAS  |9 94471  |a BC  |b BC  |c Digital  |d 2021-03-16  |l 0  |o RECURSO ELECTRONICO  |r 2021-03-16 00:00:00  |w 2021-03-16  |y REVA  |A 63  |B ANT 
999 |c 51029  |d 51029 
040 |a UAHC_CL  |c UAHC_CL  |d UAHC_CL 
100 |a Pereira, Lewis  |9 4548 
245 1 3 |a Roger Bastide y los límites de la antropología aplicada tradicional  |c Lewis Pereira. 
260 |a Mérida, Venezuela:  |b Universidad de los Andes,  |c 2007. 
300 |a p. 29-56 
500 |a En: Boletín antropológico, vol 25, no. 69. 2007. pp. 29-56. ISSN. 1325-2610. Sitio visitado (http://www.redalyc.org/pdf/712/71206902.pdf) el 23 de Agosto de 2018. 
520 |a El propósito de la siguiente reflexión es ilustrar sobre algunos aspectos claves de la antropología aplicada, aprovechando para ello una obra clásica sobre el tema escrita por Roger Bastide hace ya varias décadas, e indicar los posibles aportes de una mirada reciente que se ha dado en llamar “Antropología del Desarrollo”. Se analiza la definición de antropología aplicada de este autor y la forma cómo aborda su objeto de estudio, la relación con la antropología pura, vinculación con la Ingeniería Social”, y la relación con la temática del desarrollo. Se concluye que el tipo de antropología propuesto por Bastide, es un enfoque avanzado que logró responder a gran cantidad de problemas epistemológicos y teóricos importantes sobre la forma de construir este tipo de antropología y la ciencia social aplicada en general, y que el campo donde su propuesta resulta más discutible se relaciona con el carácter nomotético tradicional que pide para esta ciencia. Se esbozan, entonces, tres niveles de aplicabilidad de la antropología de manera rudimentaria como salida a la discusión y se ubica a la antropología de Bastide en uno de ellos. 
526 |a Antropología aplicada I.  
600 0 |9 4549  |a Bastide, Roger  |d 1898-1974 
650 0 |a Antropología aplicada  |9 4545 
856 |u http://www.redalyc.org/pdf/712/71206902.pdf  |y Sólo disponible en línea. 
942 |c REVA